LEADER 01583nam 2200529 a 450 001 9910779797903321 005 20200520144314.0 010 $a1-61324-909-8 035 $a(CKB)2550000001042225 035 $a(EBL)3019731 035 $a(SSID)ssj0000854413 035 $a(PQKBManifestationID)12326542 035 $a(PQKBTitleCode)TC0000854413 035 $a(PQKBWorkID)10903010 035 $a(PQKB)10944794 035 $a(MiAaPQ)EBC3019731 035 $a(Au-PeEL)EBL3019731 035 $a(CaPaEBR)ebr10671296 035 $a(OCoLC)847626733 035 $a(EXLCZ)992550000001042225 100 $a20110621d2012 uy 0 101 0 $aeng 135 $aur|n|---||||| 181 $ctxt 182 $cc 183 $acr 200 00$aDiamond-like carbon films$b[electronic resource] /$fYuto S. Tanaka, editor 210 $aHauppauge, N.Y. $cNova Science Publishers$dc2012 215 $a1 online resource (219 p.) 225 1 $aMaterials science and technologies 300 $aDescription based upon print version of record. 311 $a1-61324-791-5 320 $aIncludes bibliographical references and index. 410 0$aMaterials science and technologies. 606 $aDiamonds, Artificial 606 $aDiamond thin films 615 0$aDiamonds, Artificial. 615 0$aDiamond thin films. 676 $a667/.9 701 $aTanaka$b Yuto S$01552321 801 0$bMiAaPQ 801 1$bMiAaPQ 801 2$bMiAaPQ 906 $aBOOK 912 $a9910779797903321 996 $aDiamond-like carbon films$93812135 997 $aUNINA LEADER 01474nas 2200493-a 450 001 9910138953803321 005 20241223110806.0 035 $a(DE-599)ZDB2065759-6 035 $a(CKB)960238417012 035 $a(CONSER)---59015428- 035 $a(MiFhGG)0250 035 $a(EXLCZ)99960238417012 100 $a20750720b19601995 --- a 101 0 $aeng 181 $ctxt$2rdacontent 182 $cc$2rdamedia 183 $acr$2rdacarrier 200 00$aAfrica report 210 $a[New York] $c[African-American Institute] 215 $a1 online resource 300 $aRefereed/Peer-reviewed 311 08$aPrint version: Africa report. (DLC) 59015428 (OCoLC)1461376 0001-9836 531 $aAFR REP 531 0 $aAfr. rep. 606 $aPeriodicals 606 $aPeriodicals$2fast$3(OCoLC)fst01058072 606 $aPolitics and government$zAfrica$2ltcsh 606 $aAFRICA$2unbist 607 $aAfrica$vPeriodicals 607 $aAfrica$2fast$1https://id.oclc.org/worldcat/entity/E39PBJkHrMyfHC67yqRTycbrv3 607 $aAfrica$vPeriodicals$2nli 608 $aPeriodicals.$2fast 608 $aPeriodicals.$2lcgft 615 0$aPeriodicals. 615 7$aPeriodicals. 615 7$aPolitics and government 615 07$aAFRICA. 676 $a960.305 712 02$aAfrican-American Institute. 906 $aNEWSPAPER 912 $a9910138953803321 920 $aexl_impl conversion 996 $aAfrica report$91320377 997 $aUNINA